FAO yearbook fishery statistics: Aquaculture production; Vol.93 = FAO annuaire statistiques de pêches: Production de l'aquaculture; Vol.93 = FAO anuario producción de acuicultura; Vol.93
שמור ב:
| מחבר ראשי: | |
|---|---|
| פורמט: | ספר |
| שפה: | Undetermined |
| יצא לאור: |
Rome, Italy
FAO
2003
|
| נושאים: | |
| תגים: |
הוספת תג
אין תגיות, היה/י הראשונ/ה לתייג את הרשומה!
|
| Thư viện lưu trữ: | Trung tâm Học liệu Trường Đại học Cần Thơ |
|---|
| LEADER | 00624nam a2200193Ia 4500 | ||
|---|---|---|---|
| 001 | CTU_58490 | ||
| 008 | 210402s9999 xx 000 0 und d | ||
| 082 | |a 338.1 | ||
| 082 | |b F218/Vol.93 | ||
| 100 | |a FAO | ||
| 245 | 0 | |a FAO yearbook fishery statistics: Aquaculture production; Vol.93 | |
| 245 | 0 | |b = FAO annuaire statistiques de pêches: Production de l'aquaculture; Vol.93 = FAO anuario producción de acuicultura; Vol.93 | |
| 260 | |a Rome, Italy | ||
| 260 | |b FAO | ||
| 260 | |c 2003 | ||
| 650 | |a fishery | ||
| 650 | |x economic aspects | ||
| 904 | |i Minh | ||
| 980 | |a Trung tâm Học liệu Trường Đại học Cần Thơ | ||